000 00790cam a2200265 4500500
005 20260405002912.0
041 _afre
042 _adc
100 1 0 _aEnjalbert, Cédric
_eauthor
245 0 0 _aDessine-moi la philosophie !
260 _c2019.
500 _a68
690 _aateliers
690 _aCercle des petits philosophes
690 _aEdwige Chirouter
690 _aEnfance
690 _aFrédéric Lenoir
690 _aJohanna Hawken
690 _aMichel Tozzi
690 _aPetites lumières
690 _aPhilosopher avec les enfants
690 _aRomainville
786 0 _nPhilosophie magazine | 129 | 5 | 2019-05-01 | p. 15-16 | 1951-1787
856 4 1 _uhttps://shs.cairn.info/magazine-philosophie-magazine-2019-5-page-15?lang=fr&redirect-ssocas=7080
999 _c2062307
_d2062307